Mezinárodní patentové třídění. Sekce D, Textil. Papír.
Saved in:
| Format: | Book |
|---|---|
| Language: | Czech |
| Published: |
Praha :
Centrum informací o vynálezech Federálního úřadu pro vynálezy,
1989.
|
| Edition: | 5. vyd. |
| Subjects: | |
| ISBN: |
8085100096 (brož.) |
| Physical Description: |
87 s. |
| Tags: |
Add Tag
No Tags, Be the first to tag this record!
|
Titul je dostupný aj v ... 

MARC
| LEADER | 00000nam a2200000 a 4500 | ||
|---|---|---|---|
| 001 | 000071997 | ||
| 003 | SVKK | ||
| 005 | 20110923122037.0 | ||
| 008 | 990714s1989 xr e 000 0 cze d | ||
| 020 | |a 8085100096 (brož.) | ||
| 040 | |a SVKKK |b slo |c SVKKK |e AACR2 | ||
| 041 | 0 | |a cze | |
| 044 | |a xr |c CZ | ||
| 080 | |a 025.4:608.3 |2 1997 | ||
| 080 | |a 608.3:025.4 |2 1997 | ||
| 245 | 0 | 0 | |a Mezinárodní patentové třídění. |n Sekce D, |p Textil. |p Papír. |
| 246 | 3 | 0 | |a Textil |
| 246 | 3 | 0 | |a Papír |
| 250 | |a 5. vyd. | ||
| 260 | |a Praha : |b Centrum informací o vynálezech Federálního úřadu pro vynálezy, |c 1989. | ||
| 300 | |a 87 s. | ||
| 653 | 0 | |a patenty |2 SVKKKPH | |
| 653 | 0 | |a triedenie patentové medzinárodné |2 SVKKKPH | |
| 655 | 7 | |a monografie |2 SVKKKPH | |
| 910 | |a svkkk | ||
| 919 | |a 80-85100-09-6 | ||
| 974 | |a MI |d 19990714 | ||
| 974 | |a PA |d 19990714 | ||
| 974 | |a PA |d 20010430 | ||
| 998 | |a BK | ||
| 090 | |g SCKHL |k Sklad Pribinova 3. posch. |a V.189323 |j 872667 |i 2720056287 |s Absenčne | ||
| 090 | |g SCKHL |k Sklad Pribinova 3. posch. |a V.189324 |j 872668 |i 71997-20 |4 Duplikát |s Vyradená | ||